000 01180nac a22002771u 4500
010 _a 96035088
020 _a0804726531 (acid-free paper)
082 0 0 _a028
_bSAE
090 _c6371
_d6371
100 _aSaenger, Paul Henry,
245 1 0 _aSpace between words :
_bthe origins of silent reading /
_cPaul Saenger.
260 _aStanford, Calif. :
_bStanford University Press,1997
_cc1997.
300 _axviii, 480 p. :
_bill. ;
_c24 cm.
490 1 _aFigurae
500 _adistributer; Al-Ahram
504 _aIncludes bibliographical references (p. [437]-448) and indexes.
511 _acatalogued by: wessam
650 0 _aBooks and reading
_xHistory.
650 0 _aSilent reading
_xHistory.
830 0 _aFigurae (Stanford, Calif.)
856 4 2 _3Book review (H-Net)
_uhttp://www.h-net.org/review/hrev-a0a9x4-aa
856 4 2 _3Publisher description
_uhttp://www.loc.gov/catdir/description/cam028/96035088.html
856 4 2 _3Table of contents
_uhttp://www.loc.gov/catdir/toc/cam028/96035088.html
856 4 2 _3Contributor biographical information
_uhttp://www.loc.gov/catdir/enhancements/fy0710/96035088-b.html
942 _cBB
_k028SAE
999 _c6371
_d6371